000 00365nam a2200133Ia 4500
008 230411s9999 xx 000 0 und d
041 _aeng
082 _aF/610.73069/BOA/B02206
100 _aBoard of Nursing Education
245 _aNew Textbook for Nurses in India
260 _bB I Publications
_aNew Delhi
_c2004
300 _a443p
999 _c153423
_d153423